Loading...
| History - European | 0 | 8 | 0 | 2 | 80 | 14 | 51.00 | 2 | 6 | 0.00 | 0.00 |
| History - World | 0 | 8 | 1 | 2 | 75 | 30 | 73.88 | 2 | 6 | 0.00 | 0.00 |
| History - Other | 0 | 7 | 1 | 0 | 65 | 39 | 58.00 | 3 | 7 | 0.00 | 0.00 |
| Mythology | 0 | 6 | 0 | 3 | 60 | 43 | 92.50 | 0 | 4 | 0.00 | 0.00 |
| History - American | 0 | 4 | 0 | 1 | 40 | 68 | 82.00 | 0 | 2 | 0.00 | 0.00 |
| Literature - British | 0 | 4 | 0 | 0 | 40 | 56 | 68.00 | 1 | 3 | 0.00 | 0.00 |
| Science - Biology | 0 | 4 | 1 | 0 | 35 | 36 | 64.75 | 0 | 3 | 0.00 | 0.00 |
| Religion | 0 | 3 | 1 | 0 | 25 | 52 | 81.00 | 2 | 2 | 0.00 | 0.00 |
| Current Events | 0 | 3 | 1 | 0 | 25 | 22 | 62.00 | 2 | 3 | 0.00 | 0.00 |
| Philosophy | 0 | 3 | 1 | 0 | 25 | 40 | 55.33 | 0 | 3 | 0.00 | 0.00 |
| Social Science | 0 | 2 | 0 | 0 | 20 | 30 | 54.00 | 1 | 2 | 0.00 | 0.00 |
| Fine Arts - Other | 0 | 2 | 0 | 0 | 20 | 71 | 77.00 | 1 | 2 | 0.00 | 0.00 |
| Geography | 0 | 2 | 0 | 1 | 20 | 13 | 48.50 | 1 | 2 | 0.00 | 0.00 |
| Science - Chemistry | 0 | 2 | 1 | 0 | 15 | 59 | 62.50 | 0 | 2 | 0.00 | 0.00 |
| Science - Other | 0 | 1 | 0 | 0 | 10 | 30 | 30.00 | 1 | 1 | 0.00 | 0.00 |
| Literature - World | 0 | 1 | 0 | 0 | 10 | 61 | 61.00 | 0 | 1 | 0.00 | 0.00 |